1251 1245 1415 1625 1274 1858 1302 1138 1948 1073 1854 1290 1684 1775 1761 1076 1592 1831 1611 1514 1759 1187 1080 1195 1354 1096 1427 1983 1315 1979 1238 1088 1376 1837 1376 1871 1723 1195 1383 1831 1660 1945 1313 1199 1684 1704 1232 1752 1712 1594 1939 1222 1522 1464 1809 1642 1220 1556 1512 1161 1933 1118 1656 1773 1458 1455 1831 1058 1094 1257 1816 1371 1485 1570 1683 1193 1595 1780 1182 1619 1920 1036 1750 1103 1617 1747 1260 1469 1045 1743 1769 1343 1248 1615 1677 1070 1306 1347 1201 BCNSPRNW ULIB Ver.6.0+V

เปลี่ยนเป็นภาษาไทย

Change to English
 แสดงรายละเอียดบรรณานุกรม
  กลับหน้าหลัก

Brief Record : Get Marc (ISO 2709) : E-mail record : QR code < ปิดหน้าต่าง
LEADER : 00000nam 2200000uu 4500
001    13399112120
003     ULIB
008    110203s2548||||th 000 0 tha d
020    9740403174
060 04 WM100^bส247ต 2548
100 0  สมภพ เรืองตระกูล
245 00 ตำราจิตเวชศาสตร์ /^cสมภพ เรืองตระกูล
250    พิมพ์ครั้งที่ 9
260    กรุงเทพฯ :^bร.พ.เรือนแก้ว,^c2548
300    536 หน้า ;^c26 ซม.
650  7 จิตเวชศาสตร์
945    ^p350^l0^i016420
945    ^p350^l0^i023774
945    ^p350^l0^i023775
995    ทศพร
999 ^a ใช้งานได้ทุกระบบ
รายการนี้ยังไม่มีแท็ก
คุณยังไม่ได้ล็อกอิน คุณสามารถมีกิจกรรมร่วมกับเว็บไซต์ได้ แต่ต้องล็อกอินก่อน ::
  ล็อกอิน

รายการสื่อสารสนเทศ

ลำดับที่ ประเภท เลขเรียก/บาร์โค้ด สถานที่ สถานะ
- ไม่พบข้อมูล -

รายการใกล้เคียง
    ผู้แต่ง [สมภพ เรืองตระกูล]

    หัวเรื่อง [จิตเวชศาสตร์]

BibComment


ยังไม่เคยถูกคอมเมนท์

คอมเมนท์ทรัพยากรรายการนี้
  คอมเมนท์: ตำราจิตเวชศาสตร์ ..


 Copyright 2026. Bcnsprnw @Library